Elements of physical medicine ... (Record no. 38526)

MARC details
000 -LEADER
fixed length control field 00757cam a22002411 4500
001 - CONTROL NUMBER
control field med47002172
003 - CONTROL NUMBER IDENTIFIER
control field DLC
005 - DATE AND TIME OF LATEST TRANSACTION
control field 20260227111605.0
008 - FIXED-LENGTH DATA ELEMENTS--GENERAL INFORMATION
fixed length control field 810815s1947 xx a 000 0 eng
010 ## - LIBRARY OF CONGRESS CONTROL NUMBER
LC control number med47002172
035 ## - SYSTEM CONTROL NUMBER
System control number (OCoLC)14740888
040 ## - CATALOGING SOURCE
Original cataloging agency DLC
Transcribing agency DNLM
Modifying agency DLC
042 ## - AUTHENTICATION CODE
Authentication code premarc
050 00 - LIBRARY OF CONGRESS CALL NUMBER
Classification number RM700
Item number .W65 1947
060 0# - NATIONAL LIBRARY OF MEDICINE CALL NUMBER
Classification number WB 460
Item number W931e 1947
100 1# - MAIN ENTRY--PERSONAL NAME
Personal name Worster, William W.,
Dates associated with a name 1878-
245 10 - TITLE STATEMENT
Title Elements of physical medicine ...
250 ## - EDITION STATEMENT
Edition statement 7th ed. thoroughly rev. ...
260 ## - PUBLICATION, DISTRIBUTION, ETC.
Place of publication, distribution, etc. San Gabriel, Calif.,
Name of publisher, distributor, etc. College Pub. Co.
Date of publication, distribution, etc. [1947]
300 ## - PHYSICAL DESCRIPTION
Extent 333 p.
Other physical details ill.
500 ## - GENERAL NOTE
General note Earlier editions published under titles: Physiotherapy and Elements of physical therapy.
700 1# - ADDED ENTRY--PERSONAL NAME
Personal name Worster, William W.,
Dates associated with a name 1878-
Title of a work Physiotherapy.

No items available.

Powered by Koha